000 00430nam a2200157Ia 4500
008 240729s9999 xx 000 0 und d
022 _a2093-9280
245 4 _aThe Plant Pathology Journal
260 _aKorea, Republic of
260 _bHanrimwon Publishing Company
650 _a Plant culture
650 _aAgriculture
856 _uhttps://doaj.org/toc/6988a7ea38ea4bee931f5ba702da43dd
942 _2ddc
942 _cDOAJEJ
999 _c73111
_d73111
945 _a1
_bMadushi Gamage
_c1
_dMadushi Gamage